The Northern Nilo-Hanuites / (Record no. 12449)
[ view plain ]
| 000 -LEADER | |
|---|---|
| fixed length control field | 00568cam a22002052 4500 |
| 001 - CONTROL NUMBER | |
| control field | 0000000866 |
| 005 - DATE AND TIME OF LATEST TRANSACTION | |
| control field | 20151217155805.0 |
| 008 - FIXED-LENGTH DATA ELEMENTS--GENERAL INFORMATION | |
| fixed length control field | 070221s xx 000 0 eng d |
| 020 ## - INTERNATIONAL STANDARD BOOK NUMBER | |
| Terms of availability | KES |
| 040 ## - CATALOGING SOURCE | |
| Original cataloging agency | KABU |
| Transcribing agency | KABU |
| 050 #0 - LIBRARY OF CONGRESS CALL NUMBER | |
| Classification number | DT429 |
| Item number | .H862 |
| 100 1# - MAIN ENTRY--PERSONAL NAME | |
| Personal name | Huntingford, G. W. B. |
| -- | 0000148686 |
| 245 14 - TITLE STATEMENT | |
| Title | The Northern Nilo-Hanuites / |
| Statement of responsibility, etc. | G. W. B. Huntingford. |
| 260 ## - PUBLICATION, DISTRIBUTION, ETC. (IMPRINT) | |
| Place of publication, distribution, etc. | London : |
| Name of publisher, distributor, etc. | IAT, |
| Date of publication, distribution, etc. | 1953. |
| 300 ## - PHYSICAL DESCRIPTION | |
| Extent | 108 p. |
| 600 10 - SUBJECT ADDED ENTRY--PERSONAL NAME | |
| Personal name | Nilo-Hamatic peoples. |
| -- | 0000149255 |
| 908 ## - PUT COMMAND PARAMETER (RLIN) | |
| Put command parameter | 070221 |
| 950 ## - LOCAL HOLDINGS (RLIN) | |
| -- | 1 |
| Withdrawn status | Lost status | Source of classification or shelving scheme | Not for loan | Home library | Current library | Date acquired | Total Checkouts | Full call number | Barcode | Date last seen | Price effective from | Koha item type |
|---|---|---|---|---|---|---|---|---|---|---|---|---|
| Library of Congress Classification | Kabarak, Main Campus | Kabarak, Main Campus | 17/12/2015 | DT429 .H862 | 006512 | 17/12/2015 | 17/12/2015 | Africana Collection |